Normal view
MARC view
- Guterson, David
Entry Personal Name
001 - CONTROL NUMBER
- control field: 92057
003 - CONTROL NUMBER IDENTIFIER
- control field: NUST
005 - DATE AND TIME OF LATEST TRANSACTION
- control field: 20220617150805.0
008 - FIXED-LENGTH DATA ELEMENTS
- fixed length control field: 220617|| aca||aabn | a|a d
040 ## - CATALOGING SOURCE
- Original cataloging agency: NUST
- Transcribing agency: NUST
100 ## - HEADING--PERSONAL NAME
- Personal name: Guterson, David
670 ## - SOURCE DATA FOUND
- Source citation: Work cat.: (NUST)0: Guterson, David., The other /, 2008.
